Subsurface hydrology (Record no. 38927)
[ view plain ]
| 000 -LEADER | |
|---|---|
| fixed length control field | 01346nam a2200337Ia 4500 |
| 082 04 - DEWEY DECIMAL CLASSIFICATION NUMBER | |
| Classification number | 551.49 |
| 245 00 - TITLE STATEMENT | |
| Title | Subsurface hydrology |
| 260 ## - PUBLICATION, DISTRIBUTION, ETC. (IMPRINT) | |
| Place of publication | Washington, D.C. : |
| Name of publisher | American Geophysical Union, |
| Year of publication | 2007. |
| 300 ## - PHYSICAL DESCRIPTION | |
| Number of Pages | vii, 253 p. |
| 490 0# - SERIES STATEMENT | |
| Series statement | Geophysical monograph series ; |
| 650 #0 - SUBJECT ADDED ENTRY--TOPICAL TERM | |
| Topical Term | Groundwater flow |
| Topical Term | Hydrogeology. |
| 700 1# - ADDED ENTRY--PERSONAL NAME | |
| Personal name | Hyndman, David W. |
| Personal name | Day-Lewis, Frederick D. |
| Personal name | Singha, Kamini. |
| 856 40 - ELECTRONIC LOCATION AND ACCESS | |
| Uniform Resource Identifier | http://site.ebrary.com/lib/rucke/Doc?id=10726706 |
No items available.
